000
00246nam a2200097Ia 4500
008
190216s9999||||xx |||||||||||||| ||und||
100
_a
Null
245
0
_a
Hindi-Hindi Upanyas Paraspara Aur Prayog
260
_b
Mac Millian And Com. Ltd
942
_c
BK
999
_c
17559
_d
17559